|
|
|
|
| LEADER |
01188nam a22003134a 4500 |
| 001 |
4866 |
| 003 |
BD-DhAAL |
| 005 |
20150202095125.0 |
| 008 |
150202s2002 dcua b i001 0 eng |
| 010 |
|
|
|a 2002028868
|
| 020 |
|
|
|a 0821349988
|
| 040 |
|
|
|a DLC
|c DLC
|d DLC
|d BD-DhAAL
|
| 050 |
0 |
0 |
|a HC460.5.Z9
|b T422 2002
|
| 082 |
0 |
0 |
|a 338/.064/095
|2 21
|
| 100 |
1 |
|
|a Yusuf, Shahid,
|d 1949-
|9 7791
|
| 245 |
1 |
0 |
|a Can East Asia compete? :
|b innovation for global markets /
|c Shahid Yusuf and Simon J. Evenett.
|
| 260 |
|
|
|a Washington, D.C. :
|b World Bank,
|c c2002.
|
| 300 |
|
|
|a xiii, 212 p. :
|b ill. ;
|c 23 cm.
|
| 504 |
|
|
|a Includes bibliographical references (p. [183]-204)and index.
|
| 541 |
|
|
|e 4866
|
| 650 |
|
0 |
|a Technological innovations
|x Economic aspects
|z East Asia.
|9 7792
|
| 650 |
|
0 |
|a Finance
|z East Asia.
|9 7793
|
| 650 |
|
0 |
|a Competition, International.
|9 7635
|
| 651 |
|
0 |
|a East Asia
|x Economic policy.
|9 7794
|
| 651 |
|
0 |
|a East Asia
|x Economic conditions.
|9 7795
|
| 700 |
1 |
|
|a Evenett, Simon J.
|9 7796
|
| 942 |
|
|
|2 ddc
|c BK
|
| 999 |
|
|
|c 33549
|d 33549
|
| 952 |
|
|
|0 0
|1 0
|2 ddc
|4 0
|6 338_064095000000000_YUS
|7 0
|9 52408
|a SCL
|b SCL
|c GEN
|d 2015-02-02
|l 0
|o 338.064095 YUS
|p 3020004866
|r 2015-02-02
|t 1
|w 2015-02-02
|y BK
|